| 000 | 00775nam a2200229 i 4500 | ||
|---|---|---|---|
| 001 | 178135 | ||
| 003 | ES-MaACL | ||
| 005 | 20250820051419.0 | ||
| 007 | t| | ||
| 008 | 110519s1965 sp r ||||1| spa d | ||
| 080 | _a27 Virgen María | ||
| 100 | 1 |
_aSchelkle, Karl Hermann. _9104284 |
|
| 245 | 1 | 0 |
_aMaría, madre del Redentor / _cKarl Hermann Schelkle ; [versión castellana por I.C.M. Broekman, revisada por María Navarro]. |
| 260 |
_aBarcelona : _bHerder, _c1965. |
||
| 300 |
_a94 p. ; _c18 cm. |
||
| 490 | 1 |
_aPequeña biblioteca Herder ; _v65 |
|
| 600 | 0 | 4 |
_aVirgen María _9115436 |
| 700 | 1 |
_aBroekman, I. C. M. _9146612 |
|
| 830 | 1 |
_aPequeña biblioteca Herder ; _v65 _9190720 |
|
| 852 |
_aES-MaACL _jE-15159 _xOlim P-274 |
||
| 999 |
_c178135 _d178135 |
||